Concepts and Applications of Molecular Similarity /

Enregistré dans:
Détails bibliographiques
Auteurs principaux: Johnson, Mark A (Auteur), Maggiora, Gerald M (Auteur)
Format: Livre
Langue:anglais
Publié: New York : John Wiley & Sons, 1990
Tags: Ajouter un tag
Pas de tags, Soyez le premier à ajouter un tag!

MARC

LEADER 00000nam a22000003a 4500
001 stu19380
005 20190206124521.6
008 920914s1990----xxu-----------------eng-d
020 |a 0-471-62175-7 
040 |a STU  |b slo 
041 0 |a eng 
044 |a xxu 
080 |a 519.711.2 
100 1 |a Johnson, Mark A  |4 aut 
245 1 |a Concepts and Applications of Molecular Similarity /  |c [aut.]Johnson,Mark A., Maggiora,Gerald M 
260 |a New York :  |b John Wiley & Sons,  |c 1990 
300 |a 393 s :  |b Tab.,lit.,index 
700 1 |a Maggiora, Gerald M  |4 aut 
996 |b C89941  |c C*89941  |l CCXX  |s P  |a 0  |w stu19380_0001